Farewell to feudality (Record no. 64094)
[ view plain ]
| 000 -LEADER | |
|---|---|
| fixed length control field | 00757cam a2200229 4500 |
| 001 - CONTROL NUMBER | |
| control field | ABS62645 |
| 008 - FIXED-LENGTH DATA ELEMENTS--GENERAL INFORMATION | |
| fixed length control field | 000000n2000 000 0 eng u |
| 035 ## - SYSTEM CONTROL NUMBER | |
| System control number | (Sirsi) u107209 |
| 100 ## - MAIN ENTRY--PERSONAL NAME | |
| Personal name | Gunn, A. |
| 245 ## - TITLE STATEMENT | |
| Title | Farewell to feudality |
| 260 ## - PUBLICATION, DISTRIBUTION, ETC. | |
| Date of publication, distribution, etc. | 2000 |
| 490 ## - SERIES STATEMENT | |
| Series statement | Estates Gazette |
| Volume/sequential designation | (0027) 8 July 2000, 140-141(2) |
| 520 ## - SUMMARY, ETC. | |
| Summary, etc. | The Abolition of Feudal Tenure etc (Scotland) Act 2000 is the first step to reform the nature of Scottish land tenure. Includes an action plan of what to do for feudal superiors and property owners |
| 590 ## - LOCAL NOTE (RLIN) | |
| Local note | ABS |
| 650 ## - SUBJECT ADDED ENTRY--TOPICAL TERM | |
| Topical term or geographic name entry element | ABOLITION OF FEUDAL TENURE ETC (SCOTLAND) ACT 2000 |
| 650 ## - SUBJECT ADDED ENTRY--TOPICAL TERM | |
| Topical term or geographic name entry element | LAND TENURE |
| 650 ## - SUBJECT ADDED ENTRY--TOPICAL TERM | |
| Topical term or geographic name entry element | SCOTLAND |
| 650 ## - SUBJECT ADDED ENTRY--TOPICAL TERM | |
| Topical term or geographic name entry element | FEUDUTY |
| 650 ## - SUBJECT ADDED ENTRY--TOPICAL TERM | |
| Topical term or geographic name entry element | FEUDAL BURDENS |
| 690 ## - LOCAL SUBJECT ADDED ENTRY--TOPICAL TERM (OCLC, RLIN) | |
| Topical term or geographic name as entry element | LAW |
| 942 ## - ADDED ENTRY ELEMENTS (KOHA) | |
| Suppress in OPAC | 0 |
| Withdrawn status | Lost status | Source of classification or shelving scheme | Damaged status | Not for loan | Home library | Current library | Shelving location | Date acquired | Total Checkouts | Full call number | Barcode | Date last seen | Copy number | Price effective from | Koha item type |
|---|---|---|---|---|---|---|---|---|---|---|---|---|---|---|---|
| Dewey Decimal Classification | London | London | Journal article | 18/07/2000 | ABS62645 | 107209-1001 | 06/08/2019 | 1 | 06/08/2019 | Journal article |